Вып. 3 (13); Вопросы атомной науки и техники. Серия : Термоядерный синтез

Podrobná bibliografie
Parent link:Вопросы атомной науки и техники. Серия : Термоядерный синтез: научно-технический сборник/ Российский научный центр "Курчатовский институт". Вып. 3 (13).— , 1978-1992.— 0202-3822
Jazyk:ruština
Vydáno: 1983
Médium: MixedMaterials Kniha
KOHA link:https://koha.lib.tpu.ru/cgi-bin/koha/opac-detail.pl?biblionumber=492648

MARC

LEADER 00000nam2a2200000 4500
001 492648
005 20231101100215.0
035 |a (RuTPU)RU\TPU\prd\161947 
035 |a RU\TPU\prd\161946 
090 |a 492648 
100 |a 20121206a1983 k y0rusy50 ca 
101 0 |a rus 
102 |a RU 
200 0 |a Вып. 3 (13) 
210 |d 1983 
461 1 |0 (RuTPU)RU\TPU\prd\629  |x 0202-3822  |t Вопросы атомной науки и техники. Серия : Термоядерный синтез  |o научно-технический сборник  |f Российский научный центр "Курчатовский институт"  |v Вып. 3 (13)  |d 1978-1992 
801 0 |a RU  |b 63413507  |c 20010227  |g PSBO 
801 1 |a RU  |b 63413507  |c 20121206 
801 2 |a RU  |b 63413507  |c 20121206  |g RCR 
942 |c BK 
999 |a НТБ_ТПУ  |b НФ  |e -4/20120110  |p П-5906-19  |u 0,00  |v 1